RESEARCH STATISTICS (Record no. 17645)

MARC details
000 -LEADER
fixed length control field 00256nam a22001217a 4500
003 - CONTROL NUMBER IDENTIFIER
control field SGT
082 ## - DEWEY DECIMAL CLASSIFICATION NUMBER
Classification number 370
Item number BHA
100 ## - MAIN ENTRY--PERSONAL NAME
Personal name BHARDWAJ, DR. DEEPA
245 ## - TITLE STATEMENT
Title RESEARCH STATISTICS
260 ## - PUBLICATION, DISTRIBUTION, ETC. (IMPRINT)
Place of publication, distribution, etc DELHI
Name of publisher, distributor, etc SR. PUB.
Year of Publication 2017
300 ## - PAGE DESCRIPTION
No. of Pages 222
942 ## - ADDED ENTRY ELEMENTS (KOHA)
Source of classification or shelving scheme Dewey Decimal Classification
Koha item type Books
942 ## - ADDED ENTRY ELEMENTS (KOHA)
-- 7
Holdings
Withdrawn status Lost status Source of classification or shelving scheme Damaged status Not for loan Collection code Home library Current library Date acquired SGTU Total Checkouts Full call number Accession No. (Barcode) Date last seen Date last borrowed Bill Date Koha item type
    Dewey Decimal Classification     EDUCATION SGT Engineering Library SGT Engineering Library 17/04/2019 SGTU 2 370 BHA ED3776 04/07/2022 09/06/2022 17/04/2019 Books
    Dewey Decimal Classification     EDUCATION SGT Engineering Library SGT Engineering Library 17/04/2019 SGTU 3 370 BHA ED3777 10/06/2025 27/05/2025 17/04/2019 Books
    Dewey Decimal Classification     EDUCATION SGT Engineering Library SGT Engineering Library 17/04/2019 SGTU 6 370 BHA ED3778 14/05/2025 08/05/2025 17/04/2019 Books
    Dewey Decimal Classification     EDUCATION SGT Engineering Library SGT Engineering Library 17/04/2019 SGTU 3 370 BHA ED3779 14/07/2023 11/07/2023 17/04/2019 Books